000
00351nam a2200157Ia 4500
008
230524s9999 xx 000 0 und d
082
_a
4
_b
KAN
100
_a
Yashavant Kanetkar
245
0
_a
Exploring C
250
_a
1ST
260
_a
NEW DELHI
_b
BPB
_c
2005
300
_a
513
500
_a
Quantity Number: 40
650
_a
Comp-Sc
942
_c
BK
999
_c
12616
_d
12616